Statistiken für Daten Erster Weltkrieg

Klicken Sie hier um das Quiz zu spielen!

Allgemein

  • Dieses Quiz wurde 9 mal gespielt
  • Das Durchschnittsergebnis liegt bei 1 aus 14

Antwortstatistiken

HintAntwort% Korrekt
11. November 1918Waffenstillstand
57%
Nov 1918 bis Aug 1919Novemberrevolution
43%
28. Juni 1914Attentat von Sarajewo
14%
3. März 1918Friede von Brest-Litowsk
14%
Feb bis Dez 1916Schlacht von Verdun
14%
9. November 1918Abdankung des Kaisers / Ausrufung der Republik
0%
7. November 1917Ausbruch der Oktoberrevolution in Russland
0%
29. Oktober 1918Beginn der Matrosenaufstände
0%
10. November 1918Bildung des Rates der Volksbeauftragten
0%
4. Oktober 1918Deutsches Waffenstillstandsangebot
0%
15. Januar 1919Ermordung Karl Liebknecht und Rosa Luxemburg
0%
6. April 1917Kriegseintritt der USA
0%
3. Oktober 1918Prinz Max von Baden wird Reichskanzler
0%
8. Januar 1918Wilsons 14 Punkte
0%

Verteilung der Resultate

Perzentil nach korrekt beantworteten Fragen

Anzahl Personen mit jedem Resultat

Ihre Resultats-Entwicklung

Sie haben dieses Quiz noch nicht gespielt